Central Library OPAC University of Rajshahi

Speech pathology : (Record no. 12679)

MARC details
000 -LEADER
fixed length control field 00793cam a22002531 4500
001 - CONTROL NUMBER
control field 12679
003 - CONTROL NUMBER IDENTIFIER
rucl marc code BD-RjUL
005 - DATE AND TIME OF LATEST TRANSACTION
control field 20211208235335.0
008 - FIXED-LENGTH DATA ELEMENTS--GENERAL INFORMATION
fixed length control field 140129s1966 pau b 001 0 eng d
035 ## - SYSTEM CONTROL NUMBER
System control number (BD-RjUL)12729
040 ## - CATALOGING SOURCE
Original cataloging agency DLC
Transcribing agency DLC
Modifying agency DLC
-- (BD-RjUL)
Language of cataloging eng
041 ## - LANGUAGE CODE
Language code of text/sound track or separate title eng
082 00 - DEWEY DECIMAL CLASSIFICATION NUMBER
Classification number 616.855
Author mark and year SPE 1966
245 10 - TITLE STATEMENT
Title Speech pathology :
Remainder of title an international study of the science /
Statement of responsibility, etc. edited by R. W. Rieber and R. S. Brubaker.
260 ## - PUBLICATION, DISTRIBUTION, ETC. (IMPRINT)
Place of publication, distribution, etc. Philadelphia :
Name of publisher, distributor, etc. Lippincott,
Date of publication, distribution, etc. c1966.
300 ## - PHYSICAL DESCRIPTION
Pagination xix, 654 p. ;
Size 23 cm.
504 ## - BIBLIOGRAPHY, ETC. NOTE
Bibliography, etc Includes bibliographies and Index
650 #0 - SUBJECT ADDED ENTRY--TOPICAL TERM
Topical term or geographic name as entry element Speech disorders.
9 (RLIN) 39474
700 1# - ADDED ENTRY--PERSONAL NAME
Personal name Rieber, R. W.
Relator term joint comp.
Personal name Brubaker, Robert Stewart,
942 ## - ADDED ENTRY ELEMENTS (KOHA)
Source of classification or shelving scheme Dewey Decimal Classification
Koha item type Books
Holdings
Lost status Source of classification or shelving scheme Damaged status Not for loan Collection code Permanent Location Current Location Shelving location Date acquired Source of acquisition Cost, normal purchase price Total Checkouts Full call number Date last seen Copy number Koha item type
  Dewey Decimal Classification   Not For Loan Non-fiction Central Library, University of Rajshahi Central Library, University of Rajshahi Reading Room 15/12/1973 Mitali Prokashony. 260.25   616.855 SPE 1966 29/01/2014 C-1 Books